Illegitimate children of the enlightenment : (Titelsatznr. 15938)
[ MARC ]
| 000 -Satzkennung | |
|---|---|
| Kontrollfeld mit fester Länge | 00939nam a22003011c 4500 |
| 001 - Kontrollnummer | |
| Kontrollfeld | 545545048 |
| 008 - Feld mit fester Länge zur physischen Beschreibung - Allgemeine Angaben | |
| Kontrollfeld mit fester Länge | 080522s2008 gw |||| 000u eng d |
| 020 ## - Internationale Standardbuchnummer | |
| Internationale Standardbuchnummer | 1433100592 |
| Verknüpfung | 1-433-10059-2 |
| 041 ## - Sprachcode | |
| Sprachcode des Textes/der Tonspur oder des separaten Titels | eng |
| 040 ## - Katalogisierungsquelle | |
| Übertragungsstelle | RU-10907106 |
| 003 - Kontrollnummer Identifier | |
| Kontrollfeld | RU-10907106 |
| 100 1# - Haupteintragung - Personenname | |
| Personenname | McKinley, C. Alexander |
| 245 00 - Titel | |
| Titel | Illegitimate children of the enlightenment : |
| Zusatz zum Titel | anarchists and the French Revolution, 1880 - 1914 / |
| Verfasserangabe etc. | C. Alexander McKinley |
| 264 ## - Produktion, Veröffentlichung, Distribution, Herstellung und Urheberrechtsvermerk | |
| Herstellungs-, Veröffentlichungs- Vertriebs-, Erzeugungsort | New York, NY [u.a.] : |
| Produzent, Herausgeber, Distributor, Hersteller | Lang, |
| Datum der Herstellung, der Veröffentlichung, des Vertriebs oder des Urheberschutzvermerks | 2008 |
| 300 ## - Physische Beschreibung | |
| Umfang | XII, 237 S. |
| 490 #0 - Gesamttitelangabe | |
| Gesamttitelangabe | Francophone Cultures and Literatures |
| Bandnummer/Folgebezeichnung | 53 |
| 502 ## - Dissertationsvermerk | |
| Dissertationsvermerk | Zugl.: Waltham, Mass., Brandeis Univ., Diss., 2006 |
| 600 #0 - Nebeneintragung unter einem Schlagwort - Personenname | |
| Personenname | Kropotkin, Petr Alekseevič |
| 650 #0 - Nebeneintragung unter einem Schlagwort - Sachschlagwort | |
| Sachschlagwort oder geografischer Name als Eintragungselement | Französische Revolution 1789 |
| 650 #0 - Nebeneintragung unter einem Schlagwort - Sachschlagwort | |
| Sachschlagwort oder geografischer Name als Eintragungselement | Geschichtsschreibung |
| 650 #0 - Nebeneintragung unter einem Schlagwort - Sachschlagwort | |
| Sachschlagwort oder geografischer Name als Eintragungselement | Geschichtspolitik |
| 650 #0 - Nebeneintragung unter einem Schlagwort - Sachschlagwort | |
| Sachschlagwort oder geografischer Name als Eintragungselement | Anarchismus |
| 651 #0 - Nebeneintragung unter einem Schlagwort - Geografischer Name | |
| Geografischer Name | Frankreich |
| 651 #0 - Nebeneintragung unter einem Schlagwort - Geografischer Name | |
| Geografischer Name | Rußland |
| 651 #0 - Nebeneintragung unter einem Schlagwort - Geografischer Name | |
| Geografischer Name | Europa |
| 655 #0 - Indexierungsterm - Genre/Form | |
| Genre/Form oder fokussierter Term | Hochschulschrift |
| 942 ## - Zusätzliche Felder (Koha) | |
| Koha-Medientyp | Monographien |
| Ausgeschieden | Verloren | Klassifikation oder Aufstellungssystematik | Beschädigt | Nicht entleihbar | Heimatbibliothek | Aufenthaltsbibliothek | Aufstellungsort | Erwerbungsdatum | Inventarnummer | Signatur | Barcode | Letzte Aktivität | Preis gültig von | Koha-Medientyp |
|---|---|---|---|---|---|---|---|---|---|---|---|---|---|---|
| Andere/Generische Klassifikation | MWN Osteuropa | MWN Osteuropa | Lesesaal - 1 | 22/05/2008 | 08-02464 | W 54 D eh Kin | E004015078F68CBB | 22/02/2021 | 22/03/2021 | Monographien |